| 000 | 00726nam a22001817a 4500 | ||
|---|---|---|---|
| 999 |
_c18637 _d18637 |
||
| 008 | 231219b ||||| |||| 00| 0 eng d | ||
| 020 | _a9789719820482 | ||
| 082 |
_22023 _aDFil 499.211 _bAt16 |
||
| 100 |
_aAtanacio, Heidi C. _92749 |
||
| 245 |
_aFilipino pagbasa at pagsulat sa piling larangan (sining) : _bbatayang aklat sa filipino sa senior high school / _cHeidi C. Atanacio and Rita D. Morales. |
||
| 250 | _aRevised edition. | ||
| 260 |
_aQuezon City : _bC&E publishing, Inc., _c©2023. |
||
| 300 |
_aviii, 208 pages : _bcolor illustrations ; _c26 cm. |
||
| 500 | _aIncludes glossary, bibliography, and index. | ||
| 650 |
_aPagbasa _xPagsulat. _950541 |
||
| 700 |
_aMorales, Rita D. _eauthor. _950533 |
||
| 942 |
_2ddc _cDFIL |
||